| 000 | 04411nam a2200745 i 4500 | ||
|---|---|---|---|
| 001 | 122064 | ||
| 003 | StDuBDS | ||
| 005 | 20241203094505.0 | ||
| 006 | m|||||o||d|||||||| | ||
| 007 | cr ||||||||||| | ||
| 008 | 241203t2024 enka fob 001|0|eng|d | ||
| 020 |
_a9781040261859 (ePub ebook) : _cNo price |
||
| 020 | _a9781040261811 (PDF ebook) : | ||
| 020 | _a9781003562634 (ebook) : | ||
| 020 | _z9781032913254 (hbk.) : | ||
| 020 | _z9781032913278 (pbk.) : | ||
| 040 |
_aStDuBDS _beng _erda _epn _cStDuBDS _dStDuBDSZ |
||
| 050 | 0 |
_aKD1641 _b.H8345 2025 |
|
| 072 | 7 |
_aLAW _2ukslc |
|
| 072 | 7 |
_aLN _2bicssc |
|
| 072 | 7 |
_aTNK _2bicssc |
|
| 072 | 7 |
_aKNAT _2bicssc |
|
| 072 | 7 |
_aKNJC _2bicssc |
|
| 072 | 7 |
_aLNCJ _2bicssc |
|
| 072 | 7 |
_aLNCQ _2bicssc |
|
| 072 | 7 |
_aTBC _2bicssc |
|
| 072 | 7 |
_aTNCB1 _2bicssc |
|
| 072 | 7 |
_aLN _2thema |
|
| 072 | 7 |
_aTNK _2thema |
|
| 072 | 7 |
_aLNCJ _2thema |
|
| 072 | 7 |
_aLNCQ _2thema |
|
| 072 | 7 |
_aTBC _2thema |
|
| 072 | 7 |
_aTNCB _2thema |
|
| 072 | 7 |
_aAM _2thema |
|
| 072 | 7 |
_aAMD _2thema |
|
| 072 | 7 |
_aKCS _2thema |
|
| 072 | 7 |
_aKNJ _2thema |
|
| 072 | 7 |
_aTN _2thema |
|
| 072 | 7 |
_aTNKP _2thema |
|
| 072 | 7 |
_aGBC _2thema |
|
| 082 | 0 | 4 |
_a343.41078624 _223 |
| 100 | 1 |
_aHughes, Kelvin _c(Engineering consultant) _eauthor. |
|
| 245 | 1 | 0 |
_aUnderstanding the NEC4 ECC contract: _ba practical handbook / _cKelvin Hughes. _h[electronic resource] |
| 250 | _a2nd ed. | ||
| 263 | _a202410 | ||
| 264 | 1 |
_aLondon : _bRoutledge, _c2024. |
|
| 300 |
_a1 online resource (vii, 246 pages) : _billustrations. |
||
| 336 |
_atext _2rdacontent |
||
| 336 |
_astill image _2rdacontent |
||
| 337 |
_acomputer _2rdamedia |
||
| 338 |
_aonline resource _2rdacarrier |
||
| 490 | 1 | _aUnderstanding construction | |
| 500 | _aPrevious edition: 2019. | ||
| 504 | _aIncludes bibliographical references and index. | ||
| 505 | 0 | _aPrefaceIntroductionAcknowledgementsChapter 0 IntroductionChapter 1 Early WarningsChapter 2 Contractor's ResponsibilitiesChapter 3 TimeChapter 4 Quality ManagementChapter 5 PaymentChapter 6 Compensation EventsChapter 7 TitleChapter 8 Liabilities and InsuranceChapter 9 TerminationChapter 10 Resolving and Avoiding DisputesChapter 11 Tenders | |
| 520 | 8 |
_aAs usage of the NEC family of contracts continues to grow worldwide, so does the importance of understanding its clauses and nuances to everyone working in the built environment. 'Understanding the NEC4 ECC Contract' uses plain English to lead the reader through the NEC4 engineering and construction contract's key features. _bAs usage of the NEC family of contracts continues to grow worldwide, so does the importance of understanding its clauses and nuances to everyone working in the built environment. This second edition of Understanding the NEC4 ECC Contract uses plain English to lead the reader through the NEC4 Engineering and Construction Contract's key features. Chapters cover: Contractor's main responsibilities The use of early warnings Contractor's design Quality management Payment Liabilities and insurance Termination Avoiding and resolving disputes Tendering Common problems experienced when using the Engineering and Construction Contract (ECC) are signalled to the reader throughout, and the correct way of reading each clause explained. The way the contract effects procurement processes, dispute resolution, project management and risk management are all addressed in order to direct the user to best practice. This second edition takes into account the updates to the contract released in 2019, 2020 and 2023, and brings the book up to date with the most current practice.Written for construction professionals, by a practising international construction contract consultant, this handbook is the most straightforward, balanced and practical guide to the NEC4 ECC available. An ideal companion for employers, contractors, project managers, supervisors, engineers, architects, quantity surveyors, subcontractors and anyone else interested in working successfully with the NEC4 ECC. |
|
| 610 | 2 | 0 | _aNEC Contracts. |
| 650 | 0 | _aCONSTRUCTION CONTRACTS | |
| 650 | 0 | _aEBOOK | |
| 650 | 7 | _aLAW | |
| 776 | 0 | 8 |
_iPrint version : _z9781032913254 |
| 830 | 0 | _aUnderstanding construction. | |
| 856 | 4 | 0 |
_uhttps://www.vlebooks.com/product/openreader?id=RICS&accId=9491556&isbn=9781040261859 _zAvailable on VLeBooks (email [email protected] if you do not have a login) |
| 942 | _2ddc | ||
| 999 |
_c122064 _d122064 |
||